000 00491nam a22001577a 4500
008 220223b |||||||| |||| 00| 0 eng d
020 _a78106450
050 _aE 185 .F57 1970
100 _aFishel, Leslie H
245 _aThe black American: a brief Doumentary History /
260 _aUS:
_bForesman,
_c1970.
300 _aiii,419p. :
_bill. ;
_c28cm
500 _aincludes bibliographical references.
650 _2Africa American.
942 _2lcc
_cBOOKS
_hE 185 .F57 1970
999 _c31141
_d31141